Sur Matthieu / [por] Hilaire de Poitiers

I tiakina i:
Ngā taipitopito rārangi puna kōrero
Kaituhi matua: Hilaire de Poitiers (autor)
Hōputu: Pukapuka
Rangatū:(Sources Chrétiennes ; 258)
Ngā marau:
Ngā Tūtohu: Tāpirihia he Tūtohu
Kāore He Tūtohu, Me noho koe te mea tuatahi ki te tūtohu i tēnei pūkete!

MARC

LEADER 00000nam^a2200000^u^4500
001 000544483
005 20250827000000.0
008 060220s1000^^^^^^^^^^^^r^^^^^000^0^spa^d
009 20260310131328.936
035 |a FMI 000013673 
037 |a Acervo Xavier Clavigero 
096 |a 3.1.1/258/A 
100 |a Hilaire de Poitiers  |e (autor) 
245 1 0 |a Sur Matthieu / [por] Hilaire de Poitiers 
264 |a Paris : Du Cerf, 1979 
300 |a v. 
336 |a texto  |b txt  |2 rdacontenido 
337 |a sin mediación  |b n  |2 rdamedio 
338 |a volumen  |b nc  |2 rdasoporte 
440 0 |a (Sources Chrétiennes ;  |v 258) 
597 |a t. II. texte critique, tr., notes, index et appendice par Jean Doignon 
649 |a XX 
650 |a PATROLOGIA 
910 |a Fondo Francisco Migoya Covarrubias S.J. 
920 |a Impresos - Libros 
930 |a Fondos Especiales 
905 |a 134 
901 |a SBC11592  |b IT2  |c ESP  |u 20250521 
902 |a https://opac.biblio.iteso.mx/vufind/Record/000544483